1357 1466 1586 1265 1575 1091 1910 1059 1097 1947 1069 1520 1664 1208 1937 1501 1545 1680 1859 1764 1323 1986 1946 1845 1320 1636 1295 1438 1242 1548 1713 1472 1016 1389 1096 1308 1008 1653 1338 1996 1289 1048 1788 1543 1133 1209 1139 1104 1833 1032 1646 1350 1634 1607 1500 1632 1235 1373 1167 1053 1006 1146 1944 1303 1745 1707 1676 1044 1058 1282 1255 1348 1595 1513 1637 1063 1829 1791 1461 1549 1429 1596 1311 1415 1292 1930 1612 1037 1999 1970 1116 1280 1242 1717 1164 1910 1521 1698 1145 BCNSPRNW ULIB Ver.6.0+V

เปลี่ยนเป็นภาษาไทย

Change to English
 แสดงรายละเอียดบรรณานุกรม
  กลับหน้าหลัก

Brief Record : Get Marc (ISO 2709) : E-mail record : QR code < ปิดหน้าต่าง
LEADER : 00000nam 2200000uu 4500
001    13399111597
003     ULIB
008    110627s||||||||th 000 0 tha d
020    9789740523116
050  4 QA76.75^bอ875จ 2551
100 0  เอกเทพ ภักดีศิริมงคล
245 00 เจาะลึกPhotoshop CS3/^cเอกเทพ ภักดีศิริมงคล
250    พิมพ์ครั้งที่ 1
260    กรุงเทพฯ :^bอินทริโอ,^c2551
300    424 หน้า :^bภาพประกอบ
650  7 Photoshop
945    ^p220^l0^i024120
945    ^p220^l0^i024119
995    ทศพร
999 ^a ใช้งานได้ทุกระบบ
รายการนี้ยังไม่มีแท็ก
คุณยังไม่ได้ล็อกอิน คุณสามารถมีกิจกรรมร่วมกับเว็บไซต์ได้ แต่ต้องล็อกอินก่อน ::
  ล็อกอิน

รายการสื่อสารสนเทศ

ลำดับที่ ประเภท เลขเรียก/บาร์โค้ด สถานที่ สถานะ
- ไม่พบข้อมูล -

รายการใกล้เคียง
    ผู้แต่ง [เอกเทพ ภักดีศิริมงคล]

    หัวเรื่อง [Photoshop]

BibComment


ยังไม่เคยถูกคอมเมนท์

คอมเมนท์ทรัพยากรรายการนี้
  คอมเมนท์: เจาะลึกPhotoshop ..


 Copyright 2026. Bcnsprnw @Library